| 000 | 00567nam a2200169Ia 4500 | ||
|---|---|---|---|
| 999 |
_c10828 _d10828 |
||
| 082 | _a338.37130954 ART; | ||
| 245 | 0 | _aArtisanal marine fisherfolk of Orissa: study of their technology, economic status, social organization and cognitive patterns | |
| 260 |
_aCuttack _bVidyapuri _c1985 |
||
| 300 | _ax, 240p. | ||
| 650 | _aFish-culture - Orissa | ||
| 650 | _aFisheries - Social aspects - orissa | ||
| 650 | _aFishery technology - Orissa | ||
| 650 | _aFishers - Economic aspects - Orissa | ||
| 650 | _aFishing - Orissa | ||
| 700 | _aTietze, U. | ||
| 942 |
_cBK _2ddc |
||